Escriptures de Santa Maria de Vilabertran (968-1300) / (Record n. 33472)

Dettagli MARC
000 -LEADER
fixed length control field 00922nam a2200253 i 4500
003 - CONTROL NUMBER IDENTIFIER
control field IT-RoINE
005 - DATE AND TIME OF LATEST TRANSACTION
control field 20221201135036.0
008 - FIXED-LENGTH DATA ELEMENTS--GENERAL INFORMATION
fixed length control field 970313s1995 sp | r ||1 ||cat d
020 ## - INTERNATIONAL STANDARD BOOK NUMBER
International Standard Book Number 8460091295
040 ## - CATALOGING SOURCE
Original cataloging agency SpMaBN
Transcribing agency SpMaBN IT-RoINE
Modifying agency IT-RoINE
100 1# - MAIN ENTRY--PERSONAL NAME
Personal name Marquès, Josep M.,
Dates associated with a name 1939-2007
9 (RLIN) 5404
245 10 - TITLE STATEMENT
Title Escriptures de Santa Maria de Vilabertran (968-1300) /
Statement of responsibility, etc edició i regesta a càrrec de Josep M. Marquès.
260 ## - PUBLICATION, DISTRIBUTION, ETC. (IMPRINT)
Place of publication, distribution, etc Figueres :
Name of publisher, distributor, etc Institut d'Estudis Empordanesos,
Date of publication, distribution, etc D.L. 1995.
300 ## - PHYSICAL DESCRIPTION
Extent LII, 404 p. ;
Dimensions 22 cm.
336 ## - CONTENT TYPE
Source rdacontent
Content type term text
337 ## - MEDIA TYPE
Source rdamedia
Media type term unmediated
338 ## - CARRIER TYPE
Source rdacarrier
Carrier type term volume
490 1# - SERIES STATEMENT
Series statement Monografies empordaneses ;
Volume number/sequential designation 1
500 ## - GENERAL NOTE
General note Incluye índices.
504 ## - BIBLIOGRAPHY, ETC. NOTE
Bibliography, etc Incluye referencias bibliográficas en nota.
610 24 - SUBJECT ADDED ENTRY--CORPORATE NAME
Corporate name or jurisdiction name as entry element Monasterio de Vilabertrán (Gerona, España)
General subdivision Historia
-- Fuentes
9 (RLIN) 65915
830 #0 - SERIES ADDED ENTRY--UNIFORM TITLE
Uniform title Monografies empordaneses
9 (RLIN) 65916
942 ## - ADDED ENTRY ELEMENTS (KOHA)
Item type Monografías
Dati di copia
Withdrawn status Lost status Damaged status Not for loan Home library Current library Date acquired Total Checkouts Full call number Barcode Date last seen Price effective from Koha item type
        Iglesia Nacional Española en Roma Iglesia Nacional Española en Roma 15/01/2020   FUE.HIS.ECL 253 60971 15/01/2020 15/01/2020 Monografías